| 000 | 01014nam a2200241Ia 4500 | ||
|---|---|---|---|
| 999 |
_c37831 _d37831 |
||
| 001 | 3808 | ||
| 003 | GE_BSU | ||
| 005 | 20190814151550.0 | ||
| 008 | 181216s1982||||ge |||||||||||||| ||geo|| | ||
| 040 | _cGE_BSU | ||
| 041 | _ageo | ||
| 080 | _a59.923 + 159.942.5 ც–66 | ||
| 100 |
_aცინცაძე, გიორგი _93588 |
||
| 245 |
_aპიროვნება, დრო, განწყობა / _cრედ. ი. ტაბიძე; საქ. სსრ მეცნ. აკად.ფილოსოფიის ინ-ტი. |
||
| 264 |
_aთბილისი : _bმეცნიერება, _c1981. |
||
| 300 |
_a239 გვ. ; _b21 სმ.. |
||
| 653 | _aფსიქოლოგია | ||
| 653 | _aპიროვნება | ||
| 653 | _aგანწყობა | ||
| 700 |
_aტაბიძე, ი. _eრედაქტორი _93589 |
||
| 710 |
_a საქ. სსრ მეცნ. აკად. ფილოსოფიის ინ-ტი. _93590 |
||
| 942 |
_cBK _2udc |
||